| 000 | 00509cam a2200205ua 4500 | ||
|---|---|---|---|
| 041 |
_aeng _h |
||
| 082 |
_a630 _bKUM/AG |
||
| 100 | _aKumar, L.S.S . | ||
| 245 |
_aAgriculture in India, Vol 2 / _cL.S.S.Kumar. _hTextual Documents |
||
| 250 |
_a1 / _b. |
||
| 260 |
_a : _bAsia Publishing House , _c1963. |
||
| 300 | _a243 ; . | ||
| 504 | _a | ||
| 700 | 1 | _aAggarwala, A.C . | |
| 700 | 1 | _aArakeri, H.R . | |
| 700 | 1 | _aKamath, M.G . | |
| 700 | 1 | _aMoore, Earl.N . | |
| 942 | _cBK | ||
| 999 |
_c2561 _d2561 |
||